Magyar Paedagógiai [Pedagógiai] Társaság felolvasó-ülés 1907 febr. 16-án

Elmentve itt :
Bibliográfiai részletek
Dokumentumtípus: Cikk
Megjelent: 1907
Sorozat:Magyar pedagógia : a Magyar Tudományos Akadémia Pedagógiai Bizottságának folyóirata 16
Kulcsszavak:Pedagógia magyar 1907
Online Access:http://misc.bibl.u-szeged.hu/8295
LEADER 00644nab a2200169 i 4500
001 misc8295
005 20191106143916.0
008 170607s1907 hu o 0|| hun d
022 |a 0025-0260 
040 |a SZTE Miscellanea Repozitórium  |b hun 
041 |a hun 
245 0 0 |a Magyar Paedagógiai [Pedagógiai] Társaság   |h [elektronikus dokumentum] :  |b felolvasó-ülés 1907 febr. 16-án 
260 |c 1907 
300 |a 186-191 
490 0 |a Magyar pedagógia : a Magyar Tudományos Akadémia Pedagógiai Bizottságának folyóirata  |v 16 
695 |a Pedagógia magyar 1907 
856 4 0 |u http://misc.bibl.u-szeged.hu/8295/1/mp_1907_186-191.pdf  |z Dokumentum-elérés